Pierce The Veil - I Don't Care If You're Contagious Lyrics - Statistics

General Stats
  • This quiz has been taken 19 times
  • The average score is 237 of 289
Answer Stats
Answer % Correct
a
100%
anything
100%
anything,
100%
blind
100%
blind?
100%
can
100%
(Can
100%
care
100%
Cause
100%
contagious
100%
contagious,
100%
dead
100%
do
100%
don't
100%
even
100%
go
100%
hand
100%
hold
100%
I,
100%
I
100%
I'd
100%
if
100%
kiss
100%
Kiss
100%
make
100%
me
100%
sick,
100%
So
100%
the
100%
The
100%
to
100%
To
100%
we're
100%
were
100%
where
100%
you
100%
be
92%
bed
92%
for
92%
in
92%
life,
92%
life?
92%
my
92%
no
92%
rest
92%
somebody
92%
take
92%
would
92%
Would
92%
your
92%
alive
85%
And
85%
and
85%
never
85%
of
85%
oh
85%
they
85%
they'll
85%
They'll
85%
us
85%
you're
85%
Bury
77%
die
77%
drive
77%
live
77%
night
77%
night)
77%
on
77%
rather
77%
sleep
77%
while
77%
with
77%
all
69%
(All
69%
around
69%
at
69%
bedroom
69%
buried
69%
by
69%
deadly
69%
death
69%
fall
69%
falling
69%
is
69%
kill
69%
leave
69%
love
69%
one
69%
responsible
69%
same
69%
side
69%
sing
69%
stars
69%
there
69%
time
69%
time,
69%
together
69%
wanna
69%
without
69%
away
62%
chase
62%
darkness?)
62%
darkness,
62%
I'll
62%
like
62%
next
62%
only
62%
open
62%
party
62%
Promise
62%
scaring
62%
second
62%
skin
62%
spend
62%
this
62%
window
62%
attention
54%
bones
54%
drunken
54%
every
54%
feel
54%
from
54%
gonna
54%
heading
54%
I'm
54%
out
54%
Put
54%
recently
54%
Sober
54%
summer
54%
tear
54%
test
54%
thread
54%
vacations
54%
embarassed
46%
fine
46%
join
46%
she
46%
ambulance)
38%
(Dance
38%
Last
38%
Move
38%
reason
38%
recited
38%
she's
38%
'til
38%
tonight
38%
fugitive
31%
kites
31%
No matching quizzes found
Score Distribution
Percent of People with Each Score
Percentile by Number Answered
Your Score History
You have not taken this quiz